Wilhelmi, Anja, 1966-. Lebenswelten von Frauen der deutschen Oberschicht im Baltikum (1800-1939). - Wiesbaden : Harrassowitz. - 2008 [Rezension]
| Titel: | Wilhelmi, Anja, 1966-. Lebenswelten von Frauen der deutschen Oberschicht im Baltikum (1800-1939). - Wiesbaden : Harrassowitz. - 2008 [Rezension] |
|---|---|
| Verfasser: | |
| In: |
Journal of Baltic studies, Band 42, Heft 2 (2011), Seite 291-294 alle Artikel anzeigen |
| Veröffentlicht: | 2011 |
| Format: | Aufsatz |
| Sprache: | Deutsch |
X
alg: 39501261 001A $01999:12-11-16 001B $01999:04-08-21 $t21:02:05.000 001D $01999:12-11-16 001U $0utf8 001X $00 002@ $0Aox 003@ $0395012619 007A $0395012619 $aHEB 007T $0Herdc0072752m 010@ $ager 011@ $a2011 021A $aWilhelmi, Anja, 1966-. Lebenswelten von Frauen der deutschen Oberschicht im Baltikum (1800-1939). - Wiesbaden : Harrassowitz. - 2008 [Rezension] 028A $aKivimäe $dSirje 031A $d42 $e2 $h291-294 $j2011 039B $aIn $8--Abvc--. Journal of Baltic studies. - Abingdon : Routledge, 1972-. - ISSN 0162-9778 $x201100000420002709 $9047244860 039T $8--Aau--Wilhelmi, Anja$Z1966- [Tp3]. Lebenswelten von Frauen der deutschen Oberschicht im Baltikum (1800-1939). - Wiesbaden : Harrassowitz, 2008. - 422 S.. - ISBN 978-3-447-05830-8 $9207621462 045F $a900.94798 $eDDC23BSB 045F/01 $a900 045F/03 $g4798 045F/03 $g4796 045T $a7,41 $a7,44 lok: 39501261 78 exp: 39501261 78 1 #EPN 201B/01 $018-11-16 $t13:26:00.000 201U/01 $0utf8 203@/01 $0791311228 208@/01 $a12-11-16 $be 209A/01 $a/ $f000 $x00 220C/01 $aTitelaufnehmer: kk 220C/01 $aHerkunft: HI Marburg 244Z/01 $2Trx $#Estija $#Igaunija $#Estland $#Estonia $#Estonia $#Estónsko $#Estonsko $8--Trx--Eesti $x01 $9391237225 244Z/01 $2Trx $#Latvija $#Lettland $#Łotwa $#Lotyšsko $8--Trx--Latvija $x02 $9391275879 244Z/01 $2Trx $#arvustused $#recenzijos $#Reviews $#recenziók $#recenzje $#recenzie $#recenze $8--Trx--Rezensionen $x03 $9391357441 247C/01 $82080>Marburg/Lahn, Herder-Institut, Forschungsbibliothek, Bibliographieportal $9336309341
| LEADER | 00000caa a22000002c 4500 | ||
|---|---|---|---|
| 001 | 395012619 | ||
| 003 | DE-603 | ||
| 005 | 20210804210205.0 | ||
| 007 | tu | ||
| 008 | 161112s2011 xx |||| | u00||u|ger c | ||
| 035 | |a (DE-599)HEB395012619 | ||
| 040 | |a DE-603 |b ger |c DE-603 |d DE-603 | ||
| 041 | |a ger | ||
| 082 | 0 | 4 | |8 1\u |a 900.94798 |q DE-101 |2 23/BSB |
| 084 | |a 7,41 |a 7,44 |2 ssgn | ||
| 085 | |8 1\u |b 900 | ||
| 085 | |8 1\u |z 2 |s 4798 | ||
| 085 | |8 1\u |z 2 |s 4796 | ||
| 100 | 1 | |a Kivimäe, Sirje | |
| 245 | 0 | 0 | |a Wilhelmi, Anja, 1966-. Lebenswelten von Frauen der deutschen Oberschicht im Baltikum (1800-1939). - Wiesbaden : Harrassowitz. - 2008 [Rezension] |
| 264 | 0 | |c 2011 | |
| 773 | 0 | 8 | |i In |t Journal of Baltic studies |d Abingdon : Routledge, 1972- |x 0162-9778 |g Band 42, Heft 2 (2011), Seite 291-294 |w (DE-603)047244860 |w (DE-600)197751-9 |
| 787 | 0 | 8 | |i Rezension von |a Wilhelmi, Anja, 1966- |t Lebenswelten von Frauen der deutschen Oberschicht im Baltikum (1800-1939) |d Wiesbaden : Harrassowitz, 2008 |h 422 S. |z 9783447058308 |w (DE-603)207621462 |
| 924 | 0 | |9 2080 |a (DE-603)791311228 |b DE-2080 |c HES |d d |g / | |


